vufinder Bibliothèque Municipale de Charleval de Provence
Se connecter

Perdre la main

Book Cover
Auteur principal: Dominique Sigaud
Support: Livres
Langue: Francais
Publié: 2024 Globe Paris
Genre: Documentaire
Sujets:
Étiquettes: Ajouter
Pas de Tags !

LEADER 00892nam0a2200193 450
001 16848262
010 |a 978-2-38361-285-8  |b br.  |d 18 € 
100 |a 20240103d2024 u u0frey01 ba 
101 0 |a fre 
102 |a FR 
200 0 |a Perdre la main  |f Dominique Sigaud 
207 1 |a   
210 |a Paris  |c Globe  |d 2024 
215 |a 1 vol. (199 p.)  |c illustrations en noir et blanc, cartes  |d 21 x 14 cm 
330 |a Journaliste indépendante, l'auteure a couvert le génocide des Tutsis au Rwanda, en 1994. Elle livre une réflexion sur la mémoire, le récit du traumatisme et l'écriture, puis interroge la posture du témoin, lorsqu'il est pris dans l'étau des événements. Electre 2024 
700 0 |a Sigaud  |b Dominique  |f 1945-....  |4 70 
900 |a Documentaire 
901 |a Accessible au prêt 
995 |a Bibliothèque  |c Bibliothèque  |f 00156012864385  |h 00156012864385  |k 967 SIG  |o p  |q a  |r az  |e Bibliothèque 

Options de recherche

Historique de recherche
Recherche avancée

Trouver plus

Nouveautés

Besoin d'aide ?

Contacter un bibliothécaire